Teenage social groups and its effects on the teenager's self-esteem and academic achievement / (Record no. 98540)
[ view plain ]
| 000 -LEADER | |
|---|---|
| fixed length control field | 00596nam a2200169 a 4500 |
| 005 - DATE AND TIME OF LATEST TRANSACTION | |
| control field | 20140408090151.0 |
| 008 - FIXED-LENGTH DATA ELEMENTS--GENERAL INFORMATION | |
| fixed length control field | 110617s19uu xx 00 eng d |
| 050 ## - LIBRARY OF CONGRESS CALL NUMBER | |
| Classification number | PHS D38 |
| Item number | 2011 #41 |
| 100 ## - MAIN ENTRY--PERSONAL NAME | |
| Personal name | Delos Reyes, Christopher Nick G. |
| 245 ## - TITLE STATEMENT | |
| Title | Teenage social groups and its effects on the teenager's self-esteem and academic achievement / |
| Statement of responsibility, etc | Christopher Nick G. Delos Reyes. |
| 260 ## - PUBLICATION, DISTRIBUTION, ETC. (IMPRINT) | |
| Place of publication, distribution, etc | Las PI�as City : |
| Name of publisher, distributor, etc | SISC, |
| Date of publication, distribution, etc | 2011. |
| 300 ## - PHYSICAL DESCRIPTION | |
| Extent | 30 |
| 650 ## - SUBJECT ADDED ENTRY--TOPICAL TERM | |
| Topical term or geographic name as entry element | teenage social groups |
| General subdivision | descriptive |
| 650 ## - SUBJECT ADDED ENTRY--TOPICAL TERM | |
| Topical term or geographic name as entry element | self-esteem |
| General subdivision | descriptive |
| 650 ## - SUBJECT ADDED ENTRY--TOPICAL TERM | |
| Topical term or geographic name as entry element | academic achievement |
| General subdivision | descriptive |
| 942 ## - ADDED ENTRY ELEMENTS (KOHA) | |
| Koha item type | PASS |
| Withdrawn status | Lost status | Source of classification or shelving scheme | Damaged status | Home library | Current library | Shelving location | Date acquired | Source of acquisition | Total Checkouts | Full call number | Barcode | Date last seen | Price effective from | Koha item type | Public note |
|---|---|---|---|---|---|---|---|---|---|---|---|---|---|---|---|
| Withdrawn | Library of Congress Classification | Luxembourg Library | Luxembourg Library | Portfolio Assessment of SISC Students Section | 06/17/2011 | Donation | PHS D38 2011 #41 | P2640 | 11/26/2019 | 04/08/2014 | PASS | For inventory: Not found in inventory AY 13-14 |